书目信息 |
| 题名: |
莫扎特之魂
|
|
| 作者: | 赵鑫珊 , 周玉明 著 | |
| 分册: | ||
| 出版信息: | 北京 北京航空航天大学出版社 2009.02 |
|
| 页数: | 269页 | |
| 开本: | 23cm | |
| 丛书名: | 大师背影丛书 | |
| 单 册: | ||
| 中图分类: | K835.215.76 | |
| 科图分类: | ||
| 主题词: | ||
| 电子资源: | ||
| ISBN: | 978-7-81124-376-5 | |
| 000 | 01344nam 2200277 450 | |
| 001 | 0011150820 | |
| 005 | 20100617173731.51 | |
| 010 | @a978-7-81124-376-5@dCNY36.00 | |
| 100 | @a20100515d2009 em y0chiy0110 ea | |
| 101 | 0 | @achi |
| 102 | @aCN@b110000 | |
| 105 | @aa z 000yb | |
| 200 | 1 | @a莫扎特之魂@Amo zha te zhi hun@d= Mozart's spirit@f赵鑫珊, 周玉明著@Fzhao xin shan,zhou yu ming zhu@zeng |
| 210 | @a北京@c北京航空航天大学出版社@d2009.02 | |
| 215 | @a269页@c图@d23cm | |
| 225 | 2 | @a大师背影丛书 |
| 330 | @a本书是国内第一部全面完整地多视角地论述莫扎特的巨著。莫扎特是世界级的伟人;与贝多芬一样,全世界每分钟都有地方在播放他的音乐,演奏他的作品。他究竟是怎样的“神童”?一生服的是怎样的“甜美苦役”?他的音乐的美、音乐的深刻性和“征服我们的最大秘诀”体现在哪里?他的喷涌如泉的美妙乐思、浩瀚似海的诸多作品与哲学、宗教,与地理、建筑以及与人生、爱情都有什么关联?他音乐中体现的欧洲文化又与东方文化(如中国的唐诗宋词)有着怎样的内在审美瓜葛?我们又该如何来理解及欣赏他的音乐?对诸如此类的大文化课题,书中都有较完美的透视、感悟和解答。 | |
| 410 | 0 | @12001 @a大师背影丛书 |
| 510 | 1 | @aMozart's spirit@zeng |
| 600 | 0 | @a莫扎特@bW.A.@f(1756~1791)@x传记 |
| 606 | @0 | |
| 690 | @aK835.215.76@v4 | |
| 701 | 0 | @a赵鑫珊@Azhao xin shan@4著 |
| 701 | 0 | @a周玉明@Azhou yu ming@4著 |
| 801 | 0 | @aCN@c20100515 |
| 905 | @dK835.215.76@eM890@f3 | |
| 莫扎特之魂= Mozart's spirit/赵鑫珊, 周玉明著.-北京:北京航空航天大学出版社,2009.02 |
| 269页:图;23cm.-(大师背影丛书) |
| ISBN 978-7-81124-376-5:CNY36.00 |
| 本书是国内第一部全面完整地多视角地论述莫扎特的巨著。莫扎特是世界级的伟人;与贝多芬一样,全世界每分钟都有地方在播放他的音乐,演奏他的作品。他究竟是怎样的“神童”?一生服的是怎样的“甜美苦役”?他的音乐的美、音乐的深刻性和“征服我们的最大秘诀”体现在哪里?他的喷涌如泉的美妙乐思、浩瀚似海的诸多作品与哲学、宗教,与地理、建筑以及与人生、爱情都有什么关联?他音乐中体现的欧洲文化又与东方文化(如中国的唐诗宋词)有着怎样的内在审美瓜葛?我们又该如何来理解及欣赏他的音乐?对诸如此类的大文化课题,书中都有较完美的透视、感悟和解答。 |
| ● |
| 相关链接 |
|
|
|
正题名:莫扎特之魂
索取号:K835.215.76/M890
 
预约/预借
| 序号 | 登录号 | 条形码 | 馆藏地/架位号 | 状态 | 备注 |